ARRUPE JESUIT UNIVERSITY

CORONAVIRUS -STOP THE SPREAD - CLEAN,DISINFECT,COVER

A predictable tragedy (Record no. 122817)

MARC details
000 -LEADER
fixed length control field 03749cam a2200445 a 4500
001 - CONTROL NUMBER
control field 10233617
003 - CONTROL NUMBER IDENTIFIER
control field ARRUPE
005 - DATE AND TIME OF LATEST TRANSACTION
control field 20150529110420.0
006 - FIXED-LENGTH DATA ELEMENTS--ADDITIONAL MATERIAL CHARACTERISTICS--GENERAL INFORMATION
fixed length control field m u
007 - PHYSICAL DESCRIPTION FIXED FIELD--GENERAL INFORMATION
fixed length control field cr cn|||||||||
008 - FIXED-LENGTH DATA ELEMENTS--GENERAL INFORMATION
fixed length control field 100226s2011 pau sb 001 0deng d
010 ## - LIBRARY OF CONGRESS CONTROL NUMBER
Canceled/invalid LC control number 2010004561
020 ## - INTERNATIONAL STANDARD BOOK NUMBER
Cancelled/invalid ISBN 9780812242676 (alk. paper)
020 ## - INTERNATIONAL STANDARD BOOK NUMBER
Cancelled/invalid ISBN 081224267X (alk. paper)
020 ## - INTERNATIONAL STANDARD BOOK NUMBER
Cancelled/invalid ISBN 9780812200041 (e-book)
035 ## - SYSTEM CONTROL NUMBER
System control number (CaPaEBR)ebr10641567
035 ## - SYSTEM CONTROL NUMBER
System control number (NNC)10233617
040 ## - CATALOGING SOURCE
Original cataloging agency CaPaEBR
Transcribing agency CaPaEBR
043 ## - GEOGRAPHIC AREA CODE
Geographic area code f-rh---
050 14 - LIBRARY OF CONGRESS CALL NUMBER
Classification number DT2996
Item number .C66 2010
082 04 - DEWEY DECIMAL CLASSIFICATION NUMBER
Classification number 968.9105/1092
Edition number 22
100 1# - MAIN ENTRY--PERSONAL NAME
Personal name Compagnon, Daniel.
9 (RLIN) 17725
245 12 - TITLE STATEMENT
Title A predictable tragedy
Medium [electronic resource] :
Remainder of title Robert Mugabe and the collapse of Zimbabwe /
Statement of responsibility, etc Daniel Compagnon.
246 30 - VARYING FORM OF TITLE
Title proper/short title Robert Mugabe and the collapse of Zimbabwe
260 ## - PUBLICATION, DISTRIBUTION, ETC. (IMPRINT)
Place of publication, distribution, etc Philadelphia :
Name of publisher, distributor, etc University of Pennsylvania Press,
Date of publication, distribution, etc c2011.
300 ## - PHYSICAL DESCRIPTION
Extent 333 p.
504 ## - BIBLIOGRAPHY, ETC. NOTE
Bibliography, etc Includes bibliographical references and index.
505 0# - FORMATTED CONTENTS NOTE
Formatted contents note Authoritarian control of the political arena -- Violence as the cornerstone of Mugabe's strategy of political survival -- Militant civil society and the emergence of a credible opposition -- The media battlefield : from skirmishes to full-fledged war -- The judiciary : from resistance to subjugation -- The land "reform" charade and the tragedy of famine -- The state bourgeoisie and the plunder of the economy -- The international community and the crisis in Zimbabwe -- Conclusion : crisis averted or merely postponed?.
520 ## - SUMMARY, ETC.
Summary, etc When the southern African country of Rhodesia was reborn as Zimbabwe in 1980, democracy advocates celebrated the defeat of a white supremacist regime and the end of colonial rule. Zimbabwean crowds cheered their new prime minister, freedom fighter Robert Mugabe, with little idea of the misery he would bring them. Under his leadership for the next 30 years, Zimbabwe slid from self-sufficiency into poverty and astronomical inflation. The government once praised for its magnanimity and ethnic tolerance was denounced by leaders like South African Nobel Prize-winner Desmond Tutu. Millions of refugees fled the country. How did the heroic Mugabe become a hated autocrat, and why were so many outside of Zimbabwe blind to his bloody misdeeds for so long? In "A Predictable Tragedy: Robert Mugabe and the Collapse of Zimbabwe" Daniel Compagnon reveals that while the conditions and perceptions of Zimbabwe had changed, its leader had not. From the beginning of his political career, Mugabe was a cold tactician with no regard for human rights. Through eyewitness accounts and unflinching analysis, Compagnon describes how Mugabe and the Zimbabwe African National Union-Patriotic Front (ZANU-PF) built a one-party state under an ideological cloak of anti-imperialism. To maintain absolute authority, Mugabe undermined one-time ally Joshua Nkomo, terrorized dissenters, stoked the fires of tribalism, covered up the massacre of thousands in Matabeleland, and siphoned off public money to his minions-all well before the late 1990s, when his attempts at radical land redistribution finally drew negative international attention. -- Book jacket.
533 ## - REPRODUCTION NOTE
Type of reproduction Electronic reproduction.
Place of reproduction Palo Alto, Calif. :
Agency responsible for reproduction ebrary,
Date of reproduction 2013.
Note about reproduction Available via World Wide Web.
-- Access may be limited to ebrary affiliated libraries.
600 10 - SUBJECT ADDED ENTRY--PERSONAL NAME
Personal name Mugabe, Robert Gabriel,
Dates associated with a name 1924-
9 (RLIN) 17726
651 #0 - SUBJECT ADDED ENTRY--GEOGRAPHIC NAME
Geographic name Zimbabwe
General subdivision Politics and government
Chronological subdivision 1980-
9 (RLIN) 17727
651 #0 - SUBJECT ADDED ENTRY--GEOGRAPHIC NAME
Geographic name Zimbabwe
General subdivision History
Chronological subdivision 1980-
9 (RLIN) 17728
651 #0 - SUBJECT ADDED ENTRY--GEOGRAPHIC NAME
Geographic name Zimbabwe
General subdivision Social conditions
Chronological subdivision 1980-
9 (RLIN) 17729
651 #0 - SUBJECT ADDED ENTRY--GEOGRAPHIC NAME
Geographic name Zimbabwe
General subdivision Economic conditions
Chronological subdivision 1980-
9 (RLIN) 15169
655 #7 - INDEX TERM--GENRE/FORM
Genre/form data or focus term Electronic books.
Source of term local
9 (RLIN) 17730
710 2# - ADDED ENTRY--CORPORATE NAME
Corporate name or jurisdiction name as entry element ebrary, Inc.
9 (RLIN) 17731
942 ## - ADDED ENTRY ELEMENTS (KOHA)
Source of classification or shelving scheme Library of Congress Classification
Koha item type Monograph ( Printed materials)
Holdings
Withdrawn status Lost status Source of classification or shelving scheme Damaged status Not for loan Collection code Home library Current library Shelving location Date acquired Total Checkouts Full call number Barcode Date last seen Date checked out Price effective from Koha item type
    Library of Congress Classification     Main Collection ARRUPE LIBRARY ARRUPE LIBRARY Main Collection 11/05/2015 13 DT2996.C66 2010 46500002369 23/03/2020 11/03/2020 11/05/2015 Monograph ( Printed materials)

 

Arrupe Library. PO Box MP320 Mt Pleasant, Harare, Zimbabwe
263 242 745411|librarian@aju.ac.zw